000 00731nam a22002537a 4500
003 UA-OsUOA
001 27674
007 ta
008 20040910b un ||||| |||| 00| 0 ukr d
090 _a781
_bВ74
942 _cBK
040 _aUA-OsUOA
_brus
_cUA-OsUOA
_dUA-OsUOA
245 _aКульторологические проблемы музыкальной украинистики
_cРед. А. И.Самойленко Н. Г.Александрова
300 _a116 с.
955 _a0
041 _arus
080 _a781
020 _a966-549-047-8
260 _aОлесса
_bАстропринт
_c1997
246 3 1 _aВып. 3 Воросы музыка
_n
044 _aRU
650 7 _2UDC
999 _c314024
_d314024